Statistics for Every Disney Villain Death/Defeat(Includes Pixar Villains)

Click here to take the quiz!

General Stats

  • This quiz has been taken 50 times
  • The average score is 29 of 66

Answer Stats

MovieDeath/DefeatAnswer% Correct
101 DalmatiansFlipped into ravine when Horace and
Jasper crash into her
Cruella De Vil
89%
Snow White and the Seven DwarfsFalls off cliff and is crushed by boulderEvil Queen
86%
Sleeping BeautyStabbed in the heart by the Sword of
Truth, then falls to her death
Maleficent
86%
Peter PanChased away by Tick-Tock the CrocodileCaptain Hook
84%
Beauty and the BeastFalls off the roof of the Beast's castle
(There are theories that he may have
survived)
Gaston
84%
AladdinImprisoned in the lamp after turning into a genieJafar
84%
The Lion KingEaten by hyenasScar
84%
HerculesPunched into the River Styx by Hercules, trapped for eternity
(He survives since he is immortal)
Hades
81%
The Little MermaidImpaled by bow of ship, then struck by
lightning
Ursula
81%
FrozenPunched off the ship by Anna, imprisoned for his
crimes and sent back to the Southern Isles
Hans
68%
CinderellaFoiled after Cinderella reveals the
second glass slipper
Lady Tremaine
68%
TangledAges rapidly and falls off the towerMother Gothel
68%
Robin HoodFoiled by Robin Hood and arrested by
King Richard
Prince John
68%
The Jungle BookRan away with a burning branch tied to
his tail
Shere Khan
65%
Toy StoryScared Straight by the Mutant Toys(He later appears as a garbage man in 3)Sid Phillips
62%
The Emperor's New GrooveTurned into a kittenYzma
62%
The IncrediblesSucked into a jet propeller after his cape gets stuck in it
(It was later revealed that he somehow survived)
Syndrome
57%
The Princess and the FrogDragged into the masks and Voodoo Dolls worldDr. Facilier
54%
PocahontasAccidentally shoots John Smith and is taken away
by his own men
Governor Ratcliffe
54%
A Bug's LifeEaten alive by baby birdsHopper
54%
Toy Story 3Strapped to the front of a garbage truckLots-o'-Huggin' Bear
51%
TarzanFalls to his death due to being choked by vinesClayton
49%
The AristocatsLocked in a truck and sent to TimbuktuEdgar Balthazar
46%
The Hunchback of Notre DameFalls into a lake of molten copperJudge Claude Frollo
46%
Wreck-It RalphFlies into the beacon that Ralph createdKing Candy/Turbo
46%
BraveCrushed by a rockMor'du
46%
The Great Mouse DetectiveFalls off Big Ben to his deathProfessor Ratigan
46%
Monsters, Inc/Monsters UniversityHit by a shovel in the human worldRandall
46%
MulanShot off roof by fireworks and blown up after crashing
into munitions shed
Shan Yu
46%
Toy Story 2Ends up in a little girl's backpackStinky Pete
46%
Finding NemoHit by water from a rising sinkDarla Sherman
43%
Monsters, Inc.Arrested by the CDAHenry J. Waternoose III
43%
CarsGets booed off stage(Becomes a reporter in 3)Chick Hicks
41%
The Black CauldronSucked into the Black Cauldron by his
assistan
Horned King
41%
MoanaRestored to her true self after Moana returned her
heart
Te Ka
41%
LightyearTrapped in exploding power core, but survivesEmperor Zurg
38%
CocoCrushed by bell in 1942, later exposed as a fraud in the Land of the Living and is forgottenErnesto de la Cruz
38%
Incredibles 2Arrested for her crimesEvelyn Deavor/Screenslaver
38%
Sword in the StoneBecame sick after Merlin infected her
during a wizard's duel by turning into
a germ
Madam Mim
38%
FantasiaRefused by sunlight, but survivesChernabog
35%
WALL-EDeactivated by the Captain, likely destroyedAUTO
32%
The Rescuers(Supposedly) Eaten by Brutus and NeroMadame Medusa
32%
ZootopiaArrested by the ZPDMayor Bellweather
32%
Oliver and CompanyHit by trainSykes
30%
Home on the RangeUnmasked by the cows and arrestedAlameda Slim
27%
RatatouilleTied up and trapped in a food closet(Later set free)Chef Skinner
27%
LucaGets thrown into the water fountainErcole Visconti
27%
Meet the RobinsonsFuture changed when Lewis wakes him up at the
baseball game
Mike Yagooblian
27%
The Rescuers Down UnderFalls off a waterfall to his deathPercival C. McLeach
27%
The Good DinosaurLeft wing ripped off by Spot, falls into river after being hit
by a tree thrown by Arlo
Thunderclap
27%
The Fox and the HoundInjured by a bear but reforms after
Copper spares Tod's life
Amos Slade
24%
UpFalls to his death after getting his leg caught in a group of balloons that come off of Carl's houseCharles F. Muntz
24%
PinocchioTurned into a donkey and sold into
slavery
Lampwick
24%
BambiDefeated and tossed off a cliff by BambiRonno
24%
Big Hero 6Arrested for his crimes after his mask is destroyedYokai/Professor Callahan
24%
Meet the RobinsonsFades from reality after Lewis refused to invent herDOR-15
22%
Chicken LittleHas her memory erased by the AliensFoxy Loxy
22%
Cars 3Defeated by Cruz on the final lapJackson Storm
22%
DumboFalls upside down inside a barrel with
an elephant mask placed on his
bottom by Dumbo
Ringmaster
22%
Ralph Breaks the InternetCreates various defective clones of Ralph and
disappears
Arthur
19%
OnwardCore destroyed by Ian LightfootCurse Dragon
19%
Brother BearLearns that Kenai is the bear and changes his waysDenahi
19%
Atlantis: The Lost EmpireCrystallized and shatteredLyle T. Rourke
19%
Cars 2Arrested after accidentally exposing himself as the Lemons' bossMiles Axelrod
19%
Make Mine MusicBeaten by his own minions after killing
Willie the Whale
Tetti-Tatti
14%
Treasure PlanetDies on Treasure PlanetCaptain Nathaniel Flint
11%

Score Distribution

Percentile by Number Answered

Percent of People with Each Score

Your Score History

You have not taken this quiz